| 000 | 00705amm a2200205 4500 | ||
|---|---|---|---|
| 005 | 20240709122252.0 | ||
| 007 | cr ||||||||||a | ||
| 008 | 240709s2024 o d cat d | ||
| 041 | _acat | ||
| 245 |
_aGlossari de termes en matèria d'igualtat entre dones i homes _h[en línia] _cConsell de Mallorca. IMAS |
||
| 260 |
_a[Palma] _bConsell de Mallorca. Departament de Drets Socials. IMAS _c2023 |
||
| 300 |
_a35 p. _b1 document PDF |
||
| 520 | _aaprox. 140 | ||
| 546 | _acatalà | ||
| 592 | _aObra terminològica | ||
| 593 | _aOL | ||
| 650 | 0 |
_aigualtat de gènere _975334 |
|
| 856 | _uhttps://www.imasmallorca.net/wp-content/uploads/2023/04/glossariTermesIgualtatcat.pdf | ||
| 942 |
_cMO _2ddc _n0 |
||
| 999 |
_c69009 _d69009 |
||